[Event "GER-ch 94th"]
[Site "Ostfildern"]
[Date "2023.08.20"]
[Round "9"]
[White "Ronge, Tim Hendrick"]
[Black "Wichmann, Cliff"]
[Result "1-0"]
[WhiteElo "2273"]
[BlackElo "2310"]
[PlyCount "117"]
[EventDate "2023.08.14"]
[EventType "swiss"]
[EventRounds "9"]
[EventCountry "GER"]
[SourceTitle "CBM 215 Extra"]
[Source "ChessBase"]
[SourceDate "2023.09.30"]
[SourceVersion "1"]
[SourceVersionDate "2023.09.30"]
[SourceQuality "1"]

1. e4 e6 2. d4 d5 3. Nc3 Nf6 4. e5 Nfd7 5. f4 c5 6. Nf3 Be7 7. Be3 b6 8. Qd2 0-0 9. 0-0-0 c4 10. f5 b5 11. g4 b4 12. Ne2 Qa5 13. Kb1 c3 14. Qe1 cxb2 15. Nf4 Nc6 16. Nd2 b3 17. Nxb3 Qa3 18. Qc3 Nb6 19. Bb5 Bd7 20. Qxb2 Qxb2+ 21. Kxb2 Rab8 22. Ka1 Nb4 23. Bd3 Nxd3 24. f6 gxf6 25. cxd3 Ba4 26. exf6 Bxf6 27. Nh5 Bh8 28. g5 Nd7 29. Rdg1 Rfc8 30. Nf6+ Kf8 31. Nc5 Nxc5 32. dxc5 e5 33. d4 Rb4 34. dxe5 Re4 35. Re1 Rxe5 36. Nxh7+ Ke7 37. Bd4 Rxe1+ 38. Rxe1+ Kd7 39. Nf6+ Bxf6 40. Bxf6 Re8 41. Rxe8 Kxe8 42. Kb2 Kd7 43. h4 Bd1 44. Kc3 Be2 45. Kd2 Bh5 46. Ke3 Bg6 47. Kf4 Bb1 48. a3 Ke6 49. h5 a6 50. Be5 d4 51. c6 Bc2 52. c7 Kd7 53. h6 Bg6 54. Bxd4 Kxc7 55. Ke5 Kc6 56. Kf6 Kd5 57. Bb2 Ke4 58. Kg7 Kf5 59. Bf6 1-0

[Event "GER-ch blitz"]
[Site "Magdeburg"]
[Date "2022.08.21"]
[Round "9"]
[White "Braun, Georg"]
[Black "Wichmann, Cliff"]
[Result "1-0"]
[WhiteElo "2386"]
[BlackElo "2280"]
[PlyCount "65"]
[EventDate "2022.08.21"]
[EventType "tourn (blitz)"]
[EventRounds "29"]
[EventCountry "GER"]
[EventCategory "5"]
[SourceTitle "CBM 210 Extra"]
[Source "ChessBase"]
[SourceDate "2022.11.30"]
[SourceVersion "1"]
[SourceVersionDate "2022.11.30"]
[SourceQuality "1"]

1. e4 e6 2. d4 d5 3. Nc3 Nf6 4. e5 Nfd7 5. f4 c5 6. Nf3 Nc6 7. Be3 Be7 8. Qd2 0-0 9. Be2 b6 10. Nd1 cxd4 11. Nxd4 Nxd4 12. Bxd4 Nc5 13. Nf2 f5 14. exf6 Bxf6 15. c3 Ne4 16. Nxe4 dxe4 17. Bxf6 Qxf6 18. 0-0 Bb7 19. Qe3 e5 20. f5 Rad8 21. h3 Rd6 22. g4 Qh4 23. Kh2 Rfd8 24. Rad1 h5 25. Rxd6 Rxd6 26. g5 Kh8 27. Qg3 Qxg3+ 28. Kxg3 Rd2 29. Bc4 e3 30. f6 gxf6 31. gxf6 Rg2+ 32. Kh4 Rf2 33. Rd1 1-0

[Event "GER-ch blitz"]
[Site "Magdeburg"]
[Date "2022.08.21"]
[Round "24"]
[White "Frischmann, Rick"]
[Black "Wichmann, Cliff"]
[Result "1-0"]
[WhiteElo "2369"]
[BlackElo "2280"]
[PlyCount "71"]
[EventDate "2022.08.21"]
[EventType "tourn (blitz)"]
[EventRounds "29"]
[EventCountry "GER"]
[EventCategory "5"]
[SourceTitle "CBM 210 Extra"]
[Source "ChessBase"]
[SourceDate "2022.11.30"]
[SourceVersion "1"]
[SourceVersionDate "2022.11.30"]
[SourceQuality "1"]

1. e4 e6 2. d4 d5 3. Nd2 Nf6 4. e5 Nfd7 5. f4 c5 6. c3 Nc6 7. Ndf3 Qb6 8. h4 Be7 9. a3 cxd4 10. cxd4 Na5 11. Ne2 Nb3 12. Rb1 a5 13. Nc3 0-0 14. Bd3 f5 15. Be3 a4 16. h5 Na5 17. Kf2 Nc4 18. Qe2 Nxe3 19. Qxe3 Qd8 20. Rbg1 Nb6 21. g4 Nc4 22. Qe2 fxg4 23. Rxg4 Kh8 24. Rhg1 Rf7 25. Bb1 Qb6 26. Nd1 Qb3 27. R1g3 Nxb2 28. Nxb2 Bxa3 29. Qd3 Qxb2+ 30. Kg1 g6 31. hxg6 Rg7 32. gxh7 Bf8 33. Rxg7 Bxg7 34. Qg6 Qc1+ 35. Kh2 Qc7 36. Ng5 1-0

[Event "GER-ch blitz"]
[Site "Magdeburg"]
[Date "2022.08.21"]
[Round "10"]
[White "Wichmann, Cliff"]
[Black "Barzen, Pascal"]
[Result "0-1"]
[WhiteElo "2280"]
[BlackElo "2342"]
[PlyCount "86"]
[EventDate "2022.08.21"]
[EventType "tourn (blitz)"]
[EventRounds "29"]
[EventCountry "GER"]
[EventCategory "5"]
[SourceTitle "CBM 210 Extra"]
[Source "ChessBase"]
[SourceDate "2022.11.30"]
[SourceVersion "1"]
[SourceVersionDate "2022.11.30"]
[SourceQuality "1"]

1. d4 Nf6 2. Nf3 e6 3. c4 Bb4+ 4. Bd2 a5 5. Nc3 b6 6. e3 Bb7 7. Bd3 d6 8. 0-0 Nbd7 9. Qc2 0-0 10. Ne4 Bxd2 11. Nfxd2 e5 12. Rad1 Qe7 13. Nxf6+ Nxf6 14. Ne4 Nd7 15. Nc3 g6 16. Nd5 Qd8 17. Be2 exd4 18. exd4 Nf6 19. Bf3 Bxd5 20. cxd5 Re8 21. Rd3 Re7 22. Rc3 Kg7 23. h3 h5 24. Rc1 Ra7 25. a4 Qe8 26. Kh2 Qd8 27. b3 Ne8 28. Qd3 Qd7 29. R1c2 Nf6 30. Rc1 Re8 31. R1c2 g5 32. Qd2 Qf5 33. Rxc7 Rxc7 34. Rxc7 g4 35. Bd1 Nxd5 36. Bc2 Qf6 37. Rc6 gxh3 38. gxh3 Nf4 39. Qc3 Qg5 40. Qg3 Qxg3+ 41. Kxg3 Ne2+ 42. Kg2 Nxd4 43. Bd1 Nxc6 0-1

[Event "BL2-Ost 2122"]
[Site "Germany"]
[Date "2022.07.03"]
[Round "10.8"]
[White "Krstic, Petar"]
[Black "Wichmann, Cliff"]
[Result "1/2-1/2"]
[WhiteElo "2296"]
[BlackElo "2299"]
[PlyCount "77"]
[EventDate "2022.03.05"]
[EventType "team-tourn"]
[EventRounds "10"]
[EventCountry "GER"]
[SourceTitle "EXT 2023"]
[Source "ChessBase"]
[SourceDate "2022.10.05"]
[SourceVersion "1"]
[SourceVersionDate "2022.10.05"]
[SourceQuality "1"]
[WhiteTeam "Deggendorf"]
[BlackTeam "Nickelhuette Aue"]
[WhiteTeamCountry "GER"]
[BlackTeamCountry "GER"]

1. d4 d5 2. Bf4 Nf6 3. e3 c5 4. c3 Nc6 5. Nd2 a6 6. Ngf3 cxd4 7. exd4 Bg4 8. Be2 Bxf3 9. Nxf3 e6 10. 0-0 Bd6 11. Bxd6 Qxd6 12. Bd3 0-0 13. Re1 b5 14. a3 Na5 15. Qe2 Rfc8 16. Ne5 Qc7 17. g4 Nc4 18. g5 Nxe5 19. dxe5 Ne4 20. Bxe4 dxe4 21. Qxe4 Qd8 22. h4 Ra7 23. Rad1 Rd7 24. Qe2 Rcc7 25. Kg2 h6 26. f4 Rc5 27. Rxd7 Qxd7 28. Rd1 Rd5 29. Rxd5 Qxd5+ 30. Kg3 hxg5 31. fxg5 g6 32. Kf4 Qh1 33. Qf2 Qd5 34. Qd4 Qg2 35. Qd8+ Kg7 36. Qf6+ Kg8 37. Qd8+ Kg7 38. Qf6+ Kg8 39. Qd8+ 1/2-1/2

[Event "GER-ch Blitz"]
[Site "Magdeburg"]
[Date "2020.08.15"]
[Round "14"]
[White "Ehmann, Thilo"]
[Black "Wichmann, Cliff"]
[Result "1-0"]
[WhiteElo "2329"]
[BlackElo "2305"]
[PlyCount "65"]
[EventDate "2020.08.15"]
[EventType "tourn (blitz)"]
[EventRounds "29"]
[EventCountry "GER"]
[EventCategory "6"]
[SourceTitle "CBM 197 Extra"]
[Source "ChessBase"]
[SourceDate "2020.09.30"]
[SourceVersion "1"]
[SourceVersionDate "2020.09.30"]
[SourceQuality "1"]

1. e4 e6 2. d3 d5 3. Nd2 Nf6 4. Ngf3 b6 5. g3 dxe4 6. dxe4 Bb7 7. Qe2 Na6 8. e5 Nb4 9. exf6 Nxc2+ 10. Kd1 Nxa1 11. Bg2 gxf6 12. b3 a5 13. Bb2 Nxb3 14. axb3 a4 15. b4 a3 16. Ba1 Qd5 17. Bxf6 Rg8 18. Nh4 a2 19. Bxd5 a1Q+ 20. Bxa1 Rxa1+ 21. Kc2 Ba6 22. Bc6+ Ke7 23. b5 Rxh1 24. Bxh1 Bc8 25. Nf5+ Kf6 26. Nd4 Bg7 27. Ne4+ Ke7 28. Nc6+ Kf8 29. Qd3 Bh6 30. Nf6 Rh8 31. Qd8+ Kg7 32. Ne8+ Kf8 33. Qxc8 1-0

[Event "GER-ch Blitz"]
[Site "Magdeburg"]
[Date "2020.08.15"]
[Round "27"]
[White "Siebarth, Raiko"]
[Black "Wichmann, Cliff"]
[Result "1-0"]
[WhiteElo "2333"]
[BlackElo "2305"]
[PlyCount "51"]
[EventDate "2020.08.15"]
[EventType "tourn (blitz)"]
[EventRounds "29"]
[EventCountry "GER"]
[EventCategory "6"]
[SourceTitle "CBM 197 Extra"]
[Source "ChessBase"]
[SourceDate "2020.09.30"]
[SourceVersion "1"]
[SourceVersionDate "2020.09.30"]
[SourceQuality "1"]

1. c4 e6 2. Nc3 d5 3. d4 Nf6 4. Bf4 dxc4 5. e3 Bb4 6. Bxc4 Nd5 7. Nge2 Nxf4 8. Nxf4 c5 9. d5 Bxc3+ 10. bxc3 exd5 11. Bxd5 0-0 12. 0-0 Qf6 13. Rb1 Nc6 14. Qf3 Bd7 15. Rxb7 Rad8 16. Rd1 Ne5 17. Qe2 g5 18. Nh5 Qg6 19. Ng3 a6 20. Be4 f5 21. Bd5+ Kh8 22. h3 Bb5 23. c4 Nxc4 24. Bxc4 Rxd1+ 25. Qxd1 Bxc4 26. Nh5 1-0